| 000 | 00346nam a22001457a 4500 | ||
|---|---|---|---|
| 003 | MACL | ||
| 005 | 20190621162048.0 | ||
| 008 | 190621b xxu||||| |||| 00| 0 eng d | ||
| 040 | _cMACL | ||
| 100 |
_aSirohi,Dr. P.K. _975473 |
||
| 245 | _aMacro Economics | ||
| 260 |
_aNew Delhi _bNisha Pub. _c2015 |
||
| 650 |
_aEconomic _975474 |
||
| 942 |
_2ddc _cBK |
||
| 999 |
_c60206 _d60206 |
||